<?xml version="1.0" encoding="UTF-8"?>
<record
    xmlns:xsi="http://www.w3.org/2001/XMLSchema-instance"
    xsi:schemaLocation="http://www.loc.gov/MARC21/slim http://www.loc.gov/standards/marcxml/schema/MARC21slim.xsd"
    xmlns="http://www.loc.gov/MARC21/slim">

  <leader>01679naa a2200253 i 4500</leader>
  <controlfield tag="001">1237</controlfield>
  <controlfield tag="003">KOSZ 005</controlfield>
  <controlfield tag="005">20180213151931.0</controlfield>
  <controlfield tag="008">150320s2003    pl     f     |100 0 pol</controlfield>
  <datafield tag="040" ind1=" " ind2=" ">
    <subfield code="c">BPK</subfield>
    <subfield code="d">KOSZ 005/EG</subfield>
  </datafield>
  <datafield tag="080" ind1=" " ind2=" ">
    <subfield code="a">550.8</subfield>
  </datafield>
  <datafield tag="100" ind1="1" ind2=" ">
    <subfield code="a">&#x17B;UREK-PYSZ, Urszula.</subfield>
    <subfield code="d">1996 - .</subfield>
    <subfield code="b">Politechnika Koszali&#x144;ska - Wydzia&#x142; Budownictwa i In&#x17C;ynierii &#x15A;rodowiska,</subfield>
    <subfield code="c">Katedra Geotechniki</subfield>
  </datafield>
  <datafield tag="245" ind1="1" ind2="0">
    <subfield code="a">Zmienno&#x15B;&#x107; litologiczna osad&#xF3;w bio- i chemogenicznych na przyk&#x142;adzie wybranego profilu z&#x142;o&#x17C;a Grabowo (Pomorze &#x15A;rodkowe) /</subfield>
    <subfield code="c">Urszula &#x17B;urek-Pysz, Grzegorz Skalski.</subfield>
  </datafield>
  <datafield tag="500" ind1=" " ind2=" ">
    <subfield code="a">Dane z autopsji.</subfield>
  </datafield>
  <datafield tag="520" ind1=" " ind2=" ">
    <subfield code="a">W pracy szczeg&#xF3;ln&#x105; uwag&#x119; po&#x15B;wi&#x119;cono osadom biogenicznym (gytiom i kredzie jeziornej), w kt&#xF3;rych faza sta&#x142;a sk&#x142;ada si&#x119; ze szcz&#x105;tk&#xF3;w organicznych: fitogenicznych, o r&#xF3;&#x17C;nym stopniu przeobra&#x17C;enia, zoogenicznych oraz ze sk&#x142;adnik&#xF3;w mineralnych autogenicznych i allogenicznych. Przedstawiono r&#xF3;&#x17C;norodno&#x15B;&#x107; i zmienno&#x15B;&#x107; cech litologicznych wyst&#x119;puj&#x105;cych w z&#x142;o&#x17C;u Grabowo osad&#xF3;w oraz ich w&#x142;a&#x15B;ciwo&#x15B;ci fizyczne.</subfield>
  </datafield>
  <datafield tag="650" ind1=" " ind2="0">
    <subfield code="a">Geologia.</subfield>
  </datafield>
  <datafield tag="650" ind1=" " ind2="0">
    <subfield code="a">Geomorfologia.</subfield>
  </datafield>
  <datafield tag="650" ind1=" " ind2="0">
    <subfield code="a">Koszali&#x144;skie, Pobrze&#x17C;e.</subfield>
  </datafield>
  <datafield tag="655" ind1=" " ind2="0">
    <subfield code="a">Materia&#x142;y konferencyjne.</subfield>
  </datafield>
  <datafield tag="700" ind1="1" ind2=" ">
    <subfield code="a">SKALSKI, Grzegorz.</subfield>
    <subfield code="d">1999 - 2006.</subfield>
    <subfield code="b">Politechnika Koszali&#x144;ska - Wydzia&#x142; Budownictwa i In&#x17C;ynierii &#x15A;rodowiska,</subfield>
    <subfield code="c">Katedra Geotechniki</subfield>
  </datafield>
  <datafield tag="773" ind1="0" ind2=" ">
    <subfield code="i">W :</subfield>
    <subfield code="t">Geologia i geomorfologia Pobrze&#x17C;a i po&#x142;udniowego Ba&#x142;tyku. T. 5. -</subfield>
    <subfield code="d">S&#x142;upsk : Wydaw. Pomorskiej Akademii Pedagogicznej, 2003. -</subfield>
    <subfield code="g">s. 173-186</subfield>
  </datafield>
  <datafield tag="711" ind1="2" ind2="2">
    <subfield code="a">Konferencja "Geologia i geomorfologia Pobrze&#x17C;a i po&#x142;udniowego Ba&#x142;tyku"</subfield>
    <subfield code="n">(5 ;</subfield>
    <subfield code="d">2002 ;</subfield>
    <subfield code="c">S&#x142;upsk / Rowy, Polska).</subfield>
  </datafield>
  <datafield tag="942" ind1=" " ind2=" ">
    <subfield code="c">ROZ</subfield>
    <subfield code="2">UKD</subfield>
  </datafield>
  <datafield tag="999" ind1=" " ind2=" ">
    <subfield code="c">1237</subfield>
    <subfield code="d">1237</subfield>
  </datafield>
</record>
